[Event "EU-Cup 29th"]
[Site "Rhodes"]
[Date "2013.10.23"]
[Round "4.1"]
[White "Grischuk, Alexander"]
[Black "Navara, David"]
[Result "1-0"]
[WhiteElo "2786"]
[BlackElo "2703"]
[Annotator "Krasenkow,M"]
[PlyCount "86"]
[EventDate "2013.10.20"]
[EventType "team-swiss"]
[EventRounds "7"]
[EventCountry "GRE"]
[SourceTitle "CBM 157"]
[Source "ChessBase"]
[SourceDate "2013.11.12"]
[SourceVersion "1"]
[SourceVersionDate "2013.11.12"]
[SourceQuality "1"]
[WhiteTeam "Malachite Sverdlovsk Region"]
[BlackTeam "Novy Bor"]
[WhiteTeamCountry "RUS"]
[BlackTeamCountry "CZE"]

1. d4 Nf6 2. c4 g6 3. f3 Nc6 {A hypermodernist idea to avoid the Sämisch,
occasionally applied by Carlsen, Svidler and other grandees. However, GM David
Navara, one of the adherents of 3...Nc6, fails to prove its consistency in the
present game.} 4. d5 {Other options:} (4. Nc3 d5 {with a "strange Grünfeld"}) (
4. e4 e5) 4... Ne5 5. e4 d6 {Black has provoked the advance of White's central
pawns and will now undermine them.} 6. Nc3 (6. Ne2 Bg7 7. Nec3 {is also
possible but a bit artificial. Some examples:} O-O 8. Be2 e6 9. O-O (9. f4 Ned7
10. O-O exd5 11. cxd5 Re8 12. Bf3 Nc5 13. Re1 {0-1 (32) Nakamura,H (2710)
-Svidler,P (2739) Amsterdam 2009} c6 14. dxc6 Qb6 $1 $36) 9... exd5 10. cxd5 c6
11. dxc6 (11. Be3 cxd5 12. exd5 Re8 13. Qd2 Bf5 14. Na3 a6 15. Rac1 Rc8 16. Nc2
Nc4 17. Bxc4 Rxc4 $132 {0-1 (69) Postny,E (2578)-Eljanov,P (2655) Moscow 2006
CBM 112 [Hazai]}) 11... bxc6 12. Be3 Re8 13. Nd2 d5 14. Nb3 dxe4 15. Qxd8 Rxd8
16. fxe4 Bg4 $11 {0-1 (29) Mamedyarov,S (2719)-Carlsen,M (2801) Moscow 2009})
6... Bg7 7. f4 (7. Bg5 $6 c6 8. Qd2 O-O 9. Rd1 Qb6 10. Be3 Qb4 11. b3 Nfg4 $1
12. Bd4 Bh6 13. Qb2 c5 $17 {0-1 (25) Dreev,A (2683)-Sutovsky,E (2656) ICC INT
2002}) 7... Ned7 8. Nh3 $1 {[%mdl 4] The knight rushes to protect the
e4-square from f2. This route is more appropriate than the obvious} (8. Nf3 O-O
{, and now:} 9. Be2 {is more solid:} (9. Bd3 c6 (9... e5 $5 10. fxe5 (10. dxe6
$5 fxe6 11. O-O) 10... Ng4 11. Bg5 (11. exd6 cxd6 $44) 11... f6 12. exf6 Bxf6
13. Bxf6 Qxf6 14. Qe2 Nde5 15. Rf1 Nxf3+ (15... Bd7 $44) 16. Qxf3 Qh4+ 17. Qg3
Rxf1+ 18. Bxf1 Qxh2 19. Qxh2 Nxh2 20. Nb5 Bd7 21. Be2 Re8 22. Nxc7 Rxe4 23. Kd2
Ng4 24. Rc1 Nf6 {1/2 (24) Papin,V (2479)-Danin,A (2469) Lipetsk 2008}) (9... e6
10. O-O (10. dxe6 $142 $1 fxe6 11. O-O $13) 10... exd5 11. exd5 (11. cxd5 c6
12. h3 cxd5 13. exd5 Qa5 $36 {0-1 (47) Mohota,N (2324)-Hansen,S (2603) Pattaya
2011}) 11... c6 12. dxc6 bxc6 13. Kh1 Nc5 14. Be3 Ng4 15. Bg1 Rb8 $36 {0-1 (54)
Nikolov,M (2549)-Wang Yue (2732) Zuerich 2010}) (9... Nc5 10. Be3 Nxd3+ 11.
Qxd3 e6 12. O-O exd5 13. cxd5 Re8 14. Bd4 c5 15. dxc6 bxc6 16. Rad1 Rb8 17. b3
Qa5 18. Rfe1 Ba6 19. Qd2 Rbd8 $11 {0-1 (44) Wiedenkeller,M (2445)-Johansson,M 
(2265) Sollentuna 1995}) 10. O-O cxd5 (10... Qb6+ 11. Kh1 Nc5 {0-1 (28) Ward,C
(2473)-Conquest,S (2555) Scarborough 1999} 12. Bc2 $13) (10... Nc5 11. Bc2 Qb6
(11... cxd5 12. cxd5 (12. e5 Nfd7 13. Qxd5 Nb6 14. Qd4 Bg4 15. Nd5 {1/2 (42)
Sokolov,I (2570)-Martinovic,S (2430) Cetinje 1991} Ne6 $17) 12... e6 (12... b5
$13) 13. dxe6 Bxe6 14. Be3 {1/2 (14) Donchev,D (2505)-Ermenkov,E (2420) Sofia
1984}) 12. Kh1 Bg4 13. Rb1 cxd5 (13... a5 14. Be3 Nfd7 15. Qe2 Qc7 {1/2
Vitiugov,N (2709)-Tomashevsky,E (2695)/Moscow 2011/CB06_2011}) 14. cxd5 Rac8
15. Be3 Qb4 16. h3 Ncxe4 (16... Bxf3 $5 17. Qxf3 Nfd7) 17. Bxe4 Rxc3 $1 18.
bxc3 {1/2 (18) Jussupow,A (2565)-Spassky,B (2605) Linares 1983} Qxe4 19. Bxa7
Bc8 $44 {A.Jussupow}) 11. cxd5 (11. exd5 Nc5 12. Bc2 e6 13. Be3 exd5 14. cxd5
Re8 15. Bd4 {1-0 (48) Plachetka,J (2410)-Polgar,Z (2405) Stary Smokovec 1984}
Bd7 $11) 11... b5 (11... e6 $143 12. dxe6 fxe6 13. Bc4 d5 14. exd5 Nb6 15. Bb3
Nbxd5 16. Ne5 {1-0 (39) Melkumyan,H (2642)-Tikkanen,H (2566) Albena 2012}) 12.
a3 Nc5 13. Bc2 Bb7 14. Be3 a5 15. Bxc5 dxc5 16. Nxb5 {1-0 (37) Yang,D (2485)
-Bora,S (2195) Wheeling USA 2013} Qb8 $1 17. Ne5 Bxd5 $13) 9... Nc5 (9... e5 $6
10. dxe6 fxe6 11. O-O Qe7 12. Ng5 Nc5 13. Qc2 e5 14. f5 $14 {1/2 (52) Richter,
M (2482)-Danin,A (2519) Wunsiedel 2012}) 10. e5 $1 (10. Qc2 c6 11. dxc6 bxc6
12. Be3 Ng4 13. Bg1 Rb8 $36 {0-1 (23) Gretarsson,H (2509)-Navara,D (2710)
Reykjavik ISL 2013}) 10... Nfe4 11. Nxe4 Nxe4 12. O-O $13) 8... O-O (8... Nc5
9. Nf2 {is now pleasant for White, e.g.} Nfd7 10. Be3 Bxc3+ 11. bxc3 e5 12.
dxe6 Nxe6 13. Be2 Qe7 14. O-O b6 15. Bd4 O-O 16. Ng4 h5 17. Ne3 Bb7 18. Nd5
Bxd5 19. cxd5 Nxd4 20. Qxd4 Nc5 21. Bf3 $14 {1-0 (39) Postny,E (2635)
-Mikhalevski,V (2530) Acre ISR 2013}) (8... e5 9. dxe6 $1 (9. f5 $6 Nc5 10. Qf3
gxf5 11. exf5 e4 12. Qf4 Nh5 13. Qf2 Bxc3+ 14. bxc3 Qf6 15. Qd4 Rg8 $36 {
1-0 (38) Shimanov,A (2549)-Tikkanen,H (2586) Stockholm 2011}) 9... fxe6 10. Be2
$14 {- see below}) (8... c6 $5 9. Be3 $5 {(preventing ...Qd8-b6)} (9. Nf2 Qb6 {
is pleasant for Black, e.g.} 10. Na4 Qc7 11. Be2 b5 12. dxc6 bxa4 13. cxd7+
Bxd7 14. Be3 Bc6 15. Bf3 Nd7 16. Rb1 Rb8 17. Qd2 Nc5 $132 {1/2 (51) Goganov,A 
(2509)-Timofeev,A (2641) Samara 2012}) {; if now} 9... Qa5 {then} 10. Nf2 Nc5
11. Bd4 O-O 12. a3 $1 Ncxe4 $140 $2 13. Nfxe4 Nxe4 14. Bxg7 Kxg7 15. b4 Nxc3 $2
16. Qd4+) 9. Be2 ({After} 9. Nf2 $5 e6 {makes more sense} (9... c6 $143 10. Be3
$1 Re8 11. Be2 Qc7 12. Qd2 e5 13. f5 Nc5 14. g4 $16 {1-0 (31) Berczes,D (2532)
-Papp,P (2307) Budapest HUN 2013})) 9... e5 {This move is probably inprecise
as the en passant capture gives White a favourable pawn structure. However, it
is not easy to recommend a safe way to equality:} (9... Nc5 10. Nf2 Re8 {
This is more cunning: Black can play both ...e6 and ...e5!} (10... c6 11. Be3
cxd5 12. cxd5 b6 13. O-O a5 14. Qd2 Bb7 15. Rad1 Rc8 16. b3 $14 e6 17. dxe6
Nxe6 18. Bc4 Nc5 19. Bxc5 bxc5 20. Qxd6 Qxd6 21. Rxd6 Ne8 22. Rd3 $16 {1/2 (57)
Lupulescu,C (2618)-Safarli,E (2626) Al-Ain UAE 2012}) (10... e6 11. Be3 $5 (11.
dxe6 Bxe6 {- that's why 9...Nc5 was inserted!} 12. Be3 Re8 13. Bd4 a5 $11) (11.
O-O exd5 12. cxd5 c6 (12... Re8 $5 13. Bf3 h5 14. h3 a5 15. Re1 Nfd7 16. Be3 b6
17. Qc2 Ba6 18. a4 {1-0 (34) Jones,G (2641)-Andersen,M (2461) Reykjavik 2012}
Qh4 $13) 13. dxc6 bxc6 14. Bf3 (14. Be3 Nfxe4 $1 15. Nfxe4 {1/2 (15) Ganguly,S
(2627)-Gupta,A (2627) Kavala 2012} Nxe4 16. Nxe4 Re8 17. Bf3 d5 $11) 14... Qe7
15. Be3 d5 16. e5 Nfd7 17. b4 Ne6 18. b5 Nb6 19. f5 gxf5 20. Bxb6 axb6 21. bxc6
Bxe5 22. Nxd5 Qh4 23. g3 Qg5 $13 {1/2 (48) Grischuk,A (2773)-Giri,A (2686)
Wijk aan Zee 2011 CBM 141 [Moradiabadi]}) 11... Nfd7 12. O-O f5 $6 {a
weakening move} (12... a5 $142 13. Qd2 $14) 13. dxe6 Nxe6 14. exf5 gxf5 15. Qd2
a5 16. Rad1 Qf6 17. Nh1 Ndc5 18. Ng3 $16 {1-0 (43) Zhao Xue (2497)-Cmilyte,V 
(2525) Nalchik 2011}) 11. O-O (11. Be3 e5 $1 12. dxe6 Bxe6 13. Qd2 $6 (13. Bd4
a5 14. O-O Nfd7 $1 $14 {/=}) 13... Qe7 14. Bxc5 (14. Bd4 Ncxe4 $1 15. Ncxe4
Nxe4 16. Nxe4 Bxc4) 14... dxc5 15. e5 Nd7 16. O-O-O Nb6 17. Nd5 Bxd5 18. cxd5
f6 $1 $36 {1/2 (26) Ivanisevic,I (2648)-Yilmaz,M (2489) Sarajevo 2011}) 11...
e5 12. dxe6 (12. f5 gxf5 13. exf5 Bxf5 (13... e4 $142 $1 $132) 14. Ng4 Bxg4 15.
Bxg4 Nxg4 16. Qxg4 Qd7 17. Rf5 $14 {1-0 (28) Ding,L (2654)-Areshchenko,A (2682)
Ningbo 2011}) 12... Bxe6 13. Qc2 Bd7 14. Bf3 Bc6 15. Bd2 a5 {[%csl Gc5]} 16.
Rfe1 Nfd7 17. Rad1 Qe7 $6 (17... Bd4 $5 18. Bc1 Qf6 {or perhaps other plans
for Black should be tried}) 18. b3 Qf8 19. Nb5 $1 Bxb5 20. cxb5 Qe7 21. Be3
Rac8 22. a3 Ne6 23. b4 $14 {1/2 (41) Grischuk,A (2771)-Kurnosov,I (2676)
Moscow 2010}) (9... c6 {needs more tests:} 10. Nf2 (10. Be3 {1-0 (35) Hammer,J
(2630)-Tari,A (2216) Oslo 2012} cxd5 11. cxd5 b5 $5 12. Nf2 b4 13. Na4 {
needs checking}) 10... cxd5 (10... Qb6 11. O-O Nc5 12. Bf3 $5) 11. cxd5 b5 (
11... Nb6 12. a4 Bd7 13. a5 Nc8 14. O-O e6 15. dxe6 fxe6 16. Qb3 $16 {1-0 (32)
Kurnosov,I (2653)-Vokarev,S (2455) Olginka 2011}) 12. Bxb5 Rb8 13. O-O Nc5 14.
Be2 Nfd7 15. Nb5 Qb6 16. Be3 Ba6 17. a4 Bxb2 18. Rb1 Bg7 19. Qd2 $14 {1-0 (45)
Wen,Y (2550)-Gopal,G (2562) Ho Chi Minh City 2012}) 10. dxe6 fxe6 {In this
structure White's kingside pawns are mobile and strong; it is essential that ..
.e6-e5 can be met with f4-f5.} 11. Be3 (11. Nf2 Ne8 (11... b6 $142 12. O-O Bb7
13. Bf3 Nc5) 12. Qc2 Nb6 {0-1 (57) Svetushkin,D (2589)-Torrecillas Martinez,A 
(2406) Leon 2012} 13. c5 $5 dxc5 14. e5 $44) (11. Qc2 $5 e5 12. f5 Nc5 (12...
Nb8 $1 {[%cal Yb8c6] is now appropriate}) 13. O-O a5 14. g4 h6 15. Be3 b6 16.
Nf2 Bb7 17. Rad1 Qe8 18. h4 $40 {1-0 (58) Socko,B (2629)-Zakhartsov,V (2271)
Leiden 2012}) (11. O-O b6 12. Ng5 $6 Qe7 13. Nb5 Nc5 14. e5 dxe5 15. fxe5 Nfe4
16. Rxf8+ Qxf8 17. Nf3 Bb7 $132 {0-1 (27) Hovhanisian,M (2496)-Bok,B (2488)
Antwerp 2011}) 11... b6 12. O-O (12. Nf2 {is still unnecessary:} Bb7 13. Qc2 a6
(13... Nc5 $5 14. O-O Nfd7 {[%cal Rg7c3]} 15. Bf3 a5 $11) 14. O-O-O Qe7 15. h4
Nh5 16. Bxh5 gxh5 17. Nh3 Bxc3 18. bxc3 Nf6 $132 {0-1 (37) Ding,L (2714)
-Vachier Lagrave,M (2719) Biel 2013}) 12... Nc5 13. Qc2 a5 {A major difference
from the 12.Nf2 line: Black can't put pressure on the e4-pawn without this
move:} (13... Bb7 14. Bf3 Nfd7 15. b4 $1 Bxc3 16. Qxc3 Nxe4 17. Qc2 Ndf6 (17...
d5 18. cxd5 exd5 19. Bxe4 dxe4 20. Qc4+ Kh8 21. Rad1 $18) 18. Ng5 Nxg5 19. Bxb7
Nf7 20. Bxa8 Qxa8 21. Rae1 {, and Black has no sufficient compensation for the
exchange.}) 14. Bf3 Rb8 {Another tempo must be wasted:} (14... Bb7 $2 15. Bxc5
dxc5 16. e5 Bxf3 17. exf6 $18) 15. Rae1 (15. a3 {[%cal Yb2b4] was quite
possible. Alexander Grischuk's plan is apparently less effective.}) 15... Nfd7
16. Ng5 Bb7 17. b3 Qe7 18. a3 e5 $6 {This move clarifies the structure in
White's favour.} (18... h6 19. Nh3 Bxc3 20. Qxc3 Nxe4 {doesn't lose now but is
very risky as Black's kingside is weakened with ...h7-h6:} 21. Qc2 Ndf6 22. Bd4
d5 23. Nf2 $36) ({It was appropriate to take the a-file abandoned by White's
rook:} 18... Ra8 $5 19. b4 axb4 20. axb4 Na6 {[%cal Yc7c5]}) (18... Bf6 $5 {
was interesting, too}) 19. f5 $1 h6 20. Nh3 gxf5 21. exf5 e4 {This is what
Black relied on. However, White's f5-pawn is more dangerous than Black's e4.}
22. Bxc5 Bxc3 23. Qxc3 bxc5 (23... Nxc5 24. Bh5 Qe5 25. Re3 Qxc3 26. Rxc3 Nd3
27. f6 $16 {[%csl Gf6]}) 24. Nf2 $6 (24. Bh5 $1 Qe5 25. Qc1 Rxf5 26. Rxf5 Qxf5
27. Qxh6 $16) 24... Qg7 (24... Qf6 $5 25. Qxf6 Nxf6 26. Bd1 Kf7 $13) 25. Nxe4
Bxe4 26. Qxg7+ Kxg7 27. Rxe4 Rxb3 {[%mdl 4096] A sudden turn. White's pawns
are now blocked; his bishop can become weaker than Black's knight!} 28. Re6 Nf6
(28... Ne5 $5 29. f6+ (29. Bd5 c6 $1) 29... Kh8 30. Be4 Re3 31. Rf4 Re1+ 32.
Kf2 Nd3+ 33. Kg3 Nxf4 34. Kxf4 $44) 29. g4 {The only attempt to break through
but it should not be successful.} Re8 $2 {But after this premature exchange
White gets winning chances.} (29... Rxa3 $142 30. h4 Nd7 $1 {e.g.} 31. Bd5 Ne5
32. Re7+ Kh8 33. g5 hxg5 34. hxg5 Rg3+ 35. Kf2 Rxf5+ 36. Kxg3 Rxf1 37. Rxc7 a4
$11) 30. Rxe8 Nxe8 31. Kf2 {[%cal Yh2h4]} (31. h4 $143 Kf6 {[%cal Ye8g7]})
31... Rxa3 (31... Kf6 32. Re1 Ng7 33. Re3 {, and White keeps his important
a3-pawn. However, after the text move Black can't stop White's pawns anymore.})
32. Re1 Nf6 33. h4 $1 (33. Re7+ Kf8 34. Rxc7 Rc3 35. h4 Rxc4 36. g5 hxg5 37.
hxg5 Ne8 38. Rc8 Rf4 39. f6 Rf5 40. g6 Rxf6 41. g7+ Kxg7 42. Rxe8 $11) 33...
Rc3 (33... Kf8 34. g5 (34. Re6 Nd7 35. Rxh6 Ne5 36. Be2 Ra2 37. Ke3 Ra3+ 38.
Kf4 Ra2 $1 $11) 34... hxg5 35. hxg5 Nd7 36. Bh5 Ne5 37. Rb1 $16 {[%csl Gf5,Gg5]
}) 34. g5 hxg5 35. hxg5 Rxc4 36. Kg3 $1 ({But not} 36. Re7+ Kf8 37. gxf6 Rf4 {
, and White loses both of his pawns.}) 36... Ng8 37. Bh5 $1 Rc3+ 38. Kg2 Rc2+
39. Kg1 Rb2 (39... Rc3 40. f6+ Nxf6 41. Re7+ Kh8 42. gxf6 Rg3+ 43. Kf2 Rg8 44.
Ke3 $18) 40. f6+ $1 Nxf6 41. Re7+ Kh8 42. gxf6 Rb8 43. Bg6 Rg8 (43... Rg8 44.
Rh7#) 1-0